000 00261nam a22001217a 4500
041 _aENG
100 _aMutreja.K.N
245 _aApplied Hydrology
260 _aNew Delhi
_bTata McGraw Hill
_c1990
300 _a959
650 _aSWCE ( 24 )
856 _uSWCE ( 24 )
999 _c2890
_d2890